000 00302nam a2200145Ia 4500
100 _aAklecha/ Vishivajit
942 _cBK
654 _acomputer
245 _aComprehensive Guide to C++
260 _bB.P.B.
_c1995
082 _a005.13'C'
_bAKL
300 _a426
546 _aENGLISH
999 _c25860
_d25860